000 00258nam a22000857a 4500
008 160713b xxu||||| |||| 00| 0 eng d
100 _92728
_a Clark, D., et al
245 _aPuppies for Sale and Other Inspirational Tales
260 _aFlorida
_b Health Com.Inc.
_c1997
999 _c2368
_d2368